Donazione Paolo Mereghi (Record no. 340)
[ view plain ]
| 000 -CABECERA | |
|---|---|
| campo de control de longitud fija | 00956nam a2200241 a 4500 |
| 001 - NÚMERO DE CONTROL | |
| campo de control | BRCA_405 |
| 005 - FECHA Y HORA DE LA ÚLTIMA TRANSACCIÓN | |
| campo de control | 20190320203009.0 |
| 008 - DATOS DE LONGITUD FIJA--INFORMACIÓN GENERAL | |
| campo de control de longitud fija | 880610s1987 it-a---##b---#001-0#ita-# |
| 040 ## - FUENTE DE LA CATALOGACIÓN | |
| Centro catalogador/agencia de origen | DLC |
| Centro/agencia transcriptor | DLC |
| Centro/agencia modificador | DLC |
| 050 #4 - SIGNATURA TOPOGRÁFICA DE LA BIBLIOTECA DEL CONGRESO | |
| Número de clasificación | NK4315 |
| Número de documento/Ítem | .R39 1987 |
| 100 1# - ENTRADA PRINCIPAL--NOMBRE DE PERSONA | |
| Nombre de persona | Ravanelli Guidotti, Carmen |
| 9 (RLIN) | 1370 |
| 245 10 - MENCIÓN DE TÍTULO | |
| Título | Donazione Paolo Mereghi |
| Resto del título | ceramiche europee ed orientali |
| Mención de responsabilidad, etc. | Carmen Ravanelli Guidotti. |
| 260 ## - PUBLICACIÓN, DISTRIBUCIÓN, ETC. | |
| Lugar de publicación, distribución, etc. | Casalecchio, Bolonia |
| Nombre del editor, distribuidor, etc. | Grafis |
| Fecha de publicación, distribución, etc. | 1987 |
| 300 ## - DESCRIPCIÓN FÍSICA | |
| Extensión | 380 p. |
| Otras características físicas | il. (algunas a color) |
| Dimensiones | 26 cm. |
| 440 #0 - MENCIÓN DE SERIE/PUNTO DE ACCESO ADICIONAL--TÍTULO | |
| Título | Catalogo generale delle raccolte a cura di Gian Carlo Bojani |
| Designación de volumen o secuencia | 4 |
| 9 (RLIN) | 1371 |
| 500 ## - NOTA GENERAL | |
| Nota general | Incluye índice iconográfico |
| 504 ## - NOTA DE BIBLIOGRAFÍA, ETC. | |
| Nota de bibliografía, etc. | Bibliografía : p. 345-[374] |
| 600 14 - PUNTO DE ACCESO ADICIONAL DE MATERIA--NOMBRE DE PERSONA | |
| Nombre de persona | Mereghi,Paolo |
| Subdivisión de forma | Catálogos |
| Subdivisión general | Colecciones de arte |
| 9 (RLIN) | 1372 |
| 610 24 - PUNTO DE ACCESO ADICIONAL DE MATERIA--NOMBRE DE ENTIDAD CORPORATIVA | |
| Nombre de entidad corporativa o nombre de jurisdicción como elemento de entrada | Museo Internazionale delle Ceramiche (Faenza, Italia) |
| Subdivisión de forma | Catálogos |
| 9 (RLIN) | 1373 |
| 650 14 - PUNTO DE ACCESO ADICIONAL DE MATERIA--TÉRMINO DE MATERIA | |
| Término de materia o nombre geográfico como elemento de entrada | Mayólica italiana |
| Subdivisión de forma | Catálogos |
| 9 (RLIN) | 1374 |
| 650 14 - PUNTO DE ACCESO ADICIONAL DE MATERIA--TÉRMINO DE MATERIA | |
| Término de materia o nombre geográfico como elemento de entrada | Mayólica |
| Subdivisión de forma | Catálogos |
| Subdivisión general | Colecciones privadas |
| Subdivisión geográfica | Italia |
| 9 (RLIN) | 1375 |
| 942 ## - ELEMENTOS DE PUNTO DE ACCESO ADICIONAL (KOHA) | |
| Fuente del sistema de clasificación o colocación | Library of Congress Classification |
| Tipo de ítem Koha | Libros |
| Estado de retiro | Estado de pérdida | Estado dañado | No para préstamo | Localización permanente | Ubicación/localización actual | Fecha de adquisición | Total de préstamos | Signatura topográfica completa | Código de barras | Fecha visto por última vez | Precio válido a partir de | Tipo de ítem Koha |
|---|---|---|---|---|---|---|---|---|---|---|---|---|
| El ejemplar forma parte de la colección y puede ser consultado según las políticas vigentes. | Biblioteca del Museo Franz Mayer (Rogerio Casas-Alatriste) | Biblioteca del Museo Franz Mayer (Rogerio Casas-Alatriste) | 25/06/2008 | NK4315 .R39 1987 | 00705 | 22/03/2019 | 22/03/2019 | Libros |